Представление документа в формате RUSMARC

ПолеНазваниеЗначение
  Тип записи a
  Библиографический уровень a
001 Контрольный номер RU/CBS_Ul/BASE/489677113
005 Дата корректировки 20240209175149.1
100 Данные общей обработки __
a Данные общей обработки 20150708d2015 ||| 0rusy0189 ca
101 Язык документа 0_
a Язык текста rus
102 Страна публикации __
a Страна публикации RU
105 Кодированные данные (монография) __
a Кодированные данные (монография) y###||||000|y
200 Заглавие и сведения об ответственности 1_
a Заглавие Игра временнных переплетений жизни
b Общее обозначение материала Текст
e Сведения, относящиеся к заглавию [интервью с Рябовым П.В.]
f Первые сведения об ответственности Т. Маторкина
300 Общие примечания __
a Общие примечания Ограничения по возрасту - 12+
461 Уровень набора _0
1 2000
a Сятко/Искра
463 Уровень физической единицы _0
1 001RU/CBS_Ul/BASE/489666434
1 2000
a № 1
v С. 85 - 88
1 210
d 2015
600 Персоналии _0
a Персоналии (Фамилия) Рябов
b Персоналии (Имя, инициалы) П.В.
606 Тематические рубрики 0_
a Основная рубрика Скульптура - Мордовия
610 Ключевые слова 0_
a Ключевые слова интервью
a Ключевые слова мордовские скульптуры
a Ключевые слова эрзянские скульптуры
a Ключевые слова скульптуры по дереву
686 Индексы других классификаций __
a Классификационный индекс 85.133.(2)
2 Код системы ББК
700 Автор _1
a Фамилия Маторкина
b Имя (инициалы) Т.
801 Источник записи _0
a Страна RU
b Организация МБУК ЦБС г. Ульяновска
c Дата составления 20150708
g Правила каталогизации RCR
801 Источник записи _1
a Страна RU
b Организация МБУК ЦБС г. Ульяновска
c Дата составления 20150708
g Правила каталогизации RCR
901 Тип документа __
t Тип документа b
w Контрольный № источника RU/CBS_Ul/BASE/489666434
910 Корректоры записи __
a Корректор записи Библиотека 17
938 Служебная информация __
a Имя БД period